| 000 | 00578cam a2200205 a 4500 | ||
|---|---|---|---|
| 999 |
_c6931 _d6931 |
||
| 001 | 7015 | ||
| 003 | BD-DhUAP | ||
| 005 | 20210110155810.0 | ||
| 008 | 930126s19951992nyua 001 0 eng | ||
| 020 | _a0028007662 (workbook) | ||
| 040 |
_aDLC _cDLC _dBD-DhUAP _beng |
||
| 082 | 0 | 0 |
_a621.381 SCH _223 |
| 100 | _aSchultz, Mitchel E. | ||
| 245 | 1 | 0 |
_aProblems in Grob basic electronics / _cMitchel E. Schultz. |
| 250 | _a2nd ed. | ||
| 260 |
_aNew York : _bGlencoe, _cc1992 [1995]. |
||
| 300 |
_av, 338 pages : _billustrations ; _c27 cm. |
||
| 650 | 0 | _aElectronics. | |
| 942 |
_2ddc _cBK |
||